[Event "Festival St-Denis"]
[Site "Montreal CAN"]
[Date "2017.07.27"]
[Round "6.12"]
[White "Johnson-Constantin, Mathieu"]
[Black "Steinberg, Ellis"]
[Result "1-0"]
[WhiteElo "2048"]
[BlackElo "1815"]
[WhiteFideId "-1"]
[WhiteFideId "-1"]
[PlyCount "95"]
[GameId "2160767908347834"]
[EventDate "2017.07.22"]
[EventType "swiss"]
[EventRounds "9"]
[EventCountry "CAN"]

1. e4 g6 2. Nc3 c6 3. g3 Bg7 4. Bg2 d6 5. d4 Nf6 6. Nge2 O-O 7. O-O e5 8. h3 Nbd7 9. Be3 Re8 10. Qd2 Nb6 11. b3 Be6 12. a4 Qd7 13. Kh2 Rad8 14. a5 Nc8 15. d5 cxd5 16. exd5 Bf5 17. g4 Bxg4 18. hxg4 Nxg4+ 19. Kg1 Nxe3 20. Qxe3 f5 21. Ra4 b5 22. axb6 Nxb6 23. Ra5 Rc8 24. Rfa1 f4 25. Qe4 Rc7 26. Nb5 Rc5 27. Nxa7 Rxa5 28. Rxa5 Ra8 29. Nc6 Rxa5 30. Nxa5 g5 31. Qb4 Qc7 32. Be4 Nd7 33. Nc6 Nc5 34. Nc3 Bf8 35. f3 Qd7 36. Kh2 g4 37. Qc4 g3+ 38. Kg2 Qb7 39. Qf1 Qb6 40. Qh1 h6 41. Qh5 Nxe4 42. Nxe4 Qe3 43. Qg6+ Kh8 44. Nf6 Qf2+ 45. Kh3 Qh2+ 46. Kg4 h5+ 47. Kg5 Qxc2 48. Qg8# 1-0

[Event "Festival St-Denis"]
[Site "Montreal CAN"]
[Date "2017.07.27"]
[Round "6.13"]
[White "Gagnon, Boris"]
[Black "Vignalou, Joseph"]
[Result "1/2-1/2"]
[WhiteElo "1962"]
[BlackElo "1848"]
[WhiteFideId "-1"]
[WhiteFideId "-1"]
[PlyCount "63"]
[GameId "2160767908347835"]
[EventDate "2017.07.22"]
[EventType "swiss"]
[EventRounds "9"]
[EventCountry "CAN"]

1. d4 Nf6 2. c4 e6 3. Nc3 Bb4 4. e3 O-O 5. Nge2 d5 6. a3 Be7 7. Nf4 b6 8. cxd5 Nxd5 9. Nfxd5 exd5 10. Bd3 c6 11. O-O Ba6 12. b4 Bxd3 13. Qxd3 Nd7 14. Bb2 b5 15. e4 Nb6 16. exd5 Nxd5 17. Nxd5 Qxd5 18. Rfe1 Bd6 19. Qe4 Rfd8 20. Qxd5 cxd5 21. Rac1 Rac8 22. Rxc8 Rxc8 23. Rc1 Rxc1+ 24. Bxc1 f6 25. g3 Kf7 26. Kg2 Ke6 27. Kf3 Kf5 28. g4+ Ke6 29. Bf4 Bxf4 30. Kxf4 g5+ 31. Ke3 f5 32. f3 1/2-1/2

[Event "Festival St-Denis"]
[Site "Montreal CAN"]
[Date "2017.07.28"]
[Round "7.2"]
[White "Voskanyan, Vahagn"]
[Black "Bassel, Charaf"]
[Result "1/2-1/2"]
[WhiteElo "2255"]
[BlackElo "2492"]
[WhiteFideId "-1"]
[WhiteFideId "-1"]
[PlyCount "175"]
[GameId "2160767908347837"]
[EventDate "2017.07.22"]
[EventType "swiss"]
[EventRounds "9"]
[EventCountry "CAN"]

1. Nf3 Nf6 2. c4 g6 3. d4 Bg7 4. g3 O-O 5. Bg2 d6 6. Nc3 Nc6 7. O-O a6 8. h3 Rb8 9. Be3 b5 10. cxb5 axb5 11. Qc1 Na5 12. Bh6 b4 13. Nd1 Re8 14. Bxg7 Kxg7 15. Ne3 c6 16. Re1 Qb6 17. Qd2 h6 18. Rec1 Qb5 19. Ne1 Ba6 20. Nd3 Qb6 21. Ne1 d5 22. b3 Nd7 23. Qb2 Kg8 24. Rc2 Bb5 25. Rd1 Nb7 26. Qc1 Nd6 27. Nd3 Qa5 28. Ne5 Nf6 29. Nxc6 Bxc6 30. Rxc6 Qxa2 31. Nxd5 Nxd5 32. Bxd5 Qxe2 33. Re1 Qh5 34. Bg2 Qg5 35. Qc5 Qd2 36. Qe5 Nf5 37. Rc4 Qb2 38. Be4 Qxb3 39. Rc7 e6 40. Qf6 Rf8 41. g4 Ng7 42. Bxg6 e5 43. Bc2 Qe6 44. dxe5 b3 45. Bb1 b2 46. Qf3 Rfc8 47. Rxc8+ Rxc8 48. Qa3 Qb6 49. Qd3 Rc1 50. Rf1 Qc7 51. Qh7+ Kf8 52. Qh8+ Ke7 53. Qxg7 Rxf1+ 54. Kxf1 Qc1+ 55. Kg2 Qxb1 56. Qf6+ Ke8 57. Qc6+ Kf8 58. e6 fxe6 59. Qd6+ Kf7 60. Qd7+ Kf6 61. Qd8+ Ke5 62. Qc7+ Kd4 63. Qd6+ Kc3 64. Qa3+ Kc4 65. Qa4+ Kc5 66. Qa5+ Kd4 67. Qb4+ Kd5 68. Qb5+ Kd6 69. Qb6+ Kd7 70. Qb7+ Ke8 71. Qc8+ Kf7 72. Qd7+ Kf6 73. Qd8+ Ke5 74. Qc7+ Kd5 75. Qd7+ Kc5 76. Qc7+ Kb4 77. Qb6+ Ka3 78. Qa5+ Kb3 79. Qb5+ Kc3 80. Qc5+ Kd3 81. Qe3+ Kc2 82. Qe4+ Kc1 83. Qe1+ Kc2 84. Qe4+ Kc1 85. Qe1+ Kc2 86. Qe4+ Kc1 87. Qe1+ Kc2 88. Qe4+ 1/2-1/2

[Event "Festival St-Denis"]
[Site "Montreal CAN"]
[Date "2017.07.28"]
[Round "7.3"]
[White "Sambuev, Bator"]
[Black "Huang, Qiuyu"]
[Result "1-0"]
[WhiteElo "2626"]
[BlackElo "2265"]
[WhiteFideId "-1"]
[WhiteFideId "-1"]
[PlyCount "69"]
[GameId "2160767908347838"]
[EventDate "2017.07.22"]
[EventType "swiss"]
[EventRounds "9"]
[EventCountry "CAN"]

1. d4 d5 2. Nf3 Nf6 3. e3 e6 4. Bd3 c5 5. b3 Nc6 6. O-O Bd6 7. Bb2 Bd7 8. a3 O-O 9. Nbd2 Re8 10. Ne5 Qc7 11. f4 Ne7 12. Rf3 Ng6 13. Rh3 cxd4 14. Bxg6 hxg6 15. Bxd4 Bc5 16. c3 Bxd4 17. exd4 Bc6 18. Qe1 Kf8 19. Ndf3 Ng8 20. Ng5 Nh6 21. Rxh6 gxh6 22. Ngxf7 Qxf7 23. Nxf7 Kxf7 24. Qd2 Kg7 25. Re1 Kf7 26. Re5 a5 27. g4 a4 28. b4 Kg7 29. h4 Bd7 30. Qe3 Rf8 31. f5 gxf5 32. gxf5 exf5 33. Re7+ Rf7 34. Qe5+ Kf8 35. Rxd7 1-0

[Event "Festival St-Denis"]
[Site "Montreal CAN"]
[Date "2017.07.28"]
[Round "7.4"]
[White "Yu, Zong Yang"]
[Black "Mikhalevski, Victor"]
[Result "0-1"]
[WhiteElo "2479"]
[BlackElo "2600"]
[WhiteFideId "-1"]
[WhiteFideId "-1"]
[PlyCount "88"]
[GameId "2160767908347839"]
[EventDate "2017.07.22"]
[EventType "swiss"]
[EventRounds "9"]
[EventCountry "CAN"]

1. Nf3 Nf6 2. c4 e6 3. g3 d5 4. d4 dxc4 5. Bg2 a6 6. O-O Nc6 7. a4 Rb8 8. Bg5 Be7 9. Na3 h6 10. Bxf6 Bxf6 11. e3 Na5 12. Qc2 b5 13. axb5 axb5 14. Nd2 O-O 15. Nab1 c5 16. dxc5 Bb7 17. Bxb7 Nxb7 18. Ne4 Qc7 19. Nbd2 Be7 20. b4 Nd8 21. Nf3 Nc6 22. Rfb1 f5 23. Nc3 Bf6 24. Ra6 Qc8 25. Ra3 Qb7 26. e4 Ra8 27. Rxa8 Rxa8 28. Ne2 Ra3 29. Ne1 e5 30. Qc1 Ra2 31. Nc3 Nd4 32. exf5 Bg5 33. Qd1 Ra3 34. Ne2 Qe4 35. Nxd4 exd4 36. Nc2 Ra2 37. Qxd4 Qxc2 38. Qd5+ Kh7 39. Rf1 Qd3 40. Qf7 Ra6 41. Qb7 Rf6 42. Qxb5 Rxf5 43. Qa6 Be3 44. Qe6 c3 0-1

[Event "Festival St-Denis"]
[Site "Montreal CAN"]
[Date "2017.07.28"]
[Round "7.6"]
[White "Gauthier, Denis"]
[Black "Yagiz, Bora"]
[Result "0-1"]
[WhiteElo "1944"]
[BlackElo "1837"]
[WhiteFideId "-1"]
[WhiteFideId "-1"]
[PlyCount "88"]
[GameId "2160767908347841"]
[EventDate "2017.07.22"]
[EventType "swiss"]
[EventRounds "9"]
[EventCountry "CAN"]

1. d4 d6 2. c4 f5 3. Nc3 Nf6 4. g3 g6 5. Bg2 Bg7 6. Nh3 Nc6 7. d5 Ne5 8. O-O O-O 9. b3 Bd7 10. Bb2 a5 11. Qd2 a4 12. Rad1 axb3 13. axb3 c6 14. Nf4 Bh6 15. e3 Qe8 16. h4 g5 17. hxg5 Bxg5 18. Nd3 Neg4 19. Rfe1 Qh5 20. Nf4 Qh2+ 21. Kf1 h5 22. Nh3 Bh6 23. f3 Qxg3 24. fxg4 fxg4 25. Nf4 Bxf4 26. exf4 h4 27. Qe3 Nh5 28. Qxg3 Nxg3+ 29. Kg1 Rae8 30. Ne4 Nh5 31. Nf2 h3 32. Be4 Nxf4 33. Nd3 g3 34. Nxf4 Rxf4 35. Bc1 Rf2 36. Be3 Ref8 37. Bd4 Bg4 38. Rc1 Be2 39. Kh1 Rh2+ 40. Kg1 Rhf2 41. dxc6 bxc6 42. Bxc6 e6 43. b4 d5 44. cxd5 h2+ 0-1

[Event "Festival St-Denis"]
[Site "Montreal CAN"]
[Date "2017.07.28"]
[Round "7.7"]
[White "Abbas, Talal"]
[Black "Leveille, Francois"]
[Result "0-1"]
[WhiteElo "1923"]
[BlackElo "2310"]
[WhiteFideId "-1"]
[WhiteFideId "-1"]
[PlyCount "76"]
[GameId "2160767908347842"]
[EventDate "2017.07.22"]
[EventType "swiss"]
[EventRounds "9"]
[EventCountry "CAN"]

1. d4 Nf6 2. c4 g6 3. Nf3 Bg7 4. Nc3 O-O 5. g3 d6 6. Bg2 Nbd7 7. e4 e5 8. d5 Nc5 9. Qc2 a5 10. h3 c6 11. Be3 a4 12. O-O Qa5 13. Nd2 Bd7 14. f4 Nh5 15. Kh2 exf4 16. gxf4 a3 17. e5 dxe5 18. b4 Qxb4 19. Rab1 Qa5 20. f5 Nf4 21. f6 Bf5 22. Nde4 Nxe4 23. Bxe4 Bxe4 24. Nxe4 cxd5 25. fxg7 Rfc8 26. Nd6 Rc6 27. c5 Qc7 28. Nb5 Qe7 29. Bxf4 exf4 30. Rbc1 Ra5 31. Rce1 Qxc5 32. Qxc5 Rxc5 33. Nd4 Ra4 34. Rxf4 Rcc4 35. Ref1 Rxd4 36. Rxf7 Rab4 37. Rd7 Rf4 38. Re1 Rf7 0-1

[Event "Festival St-Denis"]
[Site "Montreal CAN"]
[Date "2017.07.28"]
[Round "7.9"]
[White "Robichaud, Louis"]
[Black "Saha, Ananda"]
[Result "1-0"]
[WhiteElo "2152"]
[BlackElo "2144"]
[WhiteFideId "-1"]
[WhiteFideId "-1"]
[PlyCount "79"]
[GameId "2160767908347843"]
[EventDate "2017.07.22"]
[EventType "swiss"]
[EventRounds "9"]
[EventCountry "CAN"]

1. e4 c5 2. d3 e6 3. g3 d6 4. Bg2 Nc6 5. Nc3 g6 6. f4 Bg7 7. Nf3 Nge7 8. O-O O-O 9. Be3 b6 10. d4 Ba6 11. Rf2 Rc8 12. dxc5 dxc5 13. Rd2 Qc7 14. e5 Rfd8 15. Ne4 Nf5 16. Bf2 Rxd2 17. Nfxd2 Rd8 18. c3 h5 19. Qe1 Na5 20. h3 Nc4 21. Nxc4 Bxc4 22. g4 hxg4 23. hxg4 Ne7 24. Bh4 Bd5 25. Nf6+ Kf8 26. Nxd5 exd5 27. Rd1 d4 28. cxd4 cxd4 29. Qe4 Qc4 30. f5 gxf5 31. gxf5 Bh8 32. Bg5 Qc5 33. f6 Ng6 34. e6 Re8 35. Bh6+ Kg8 36. exf7+ Kxf7 37. Qb7+ Kxf6 38. Rf1+ Ke6 39. Qf7+ Kd6 40. Qxe8 1-0

[Event "Festival St-Denis"]
[Site "Montreal CAN"]
[Date "2017.07.28"]
[Round "7.10"]
[White "Durette, Francis"]
[Black "Johnson-Constantin, Mathieu"]
[Result "1-0"]
[WhiteElo "2094"]
[BlackElo "2048"]
[WhiteFideId "-1"]
[WhiteFideId "-1"]
[PlyCount "73"]
[GameId "2160767908347844"]
[EventDate "2017.07.22"]
[EventType "swiss"]
[EventRounds "9"]
[EventCountry "CAN"]

1. c4 Nf6 2. Nc3 g6 3. g3 Bg7 4. Bg2 O-O 5. e4 e5 6. Nge2 d6 7. O-O Nc6 8. d3 Ne7 9. h3 c6 10. f4 Qb6+ 11. Kh1 Nh5 12. fxe5 Bxe5 13. g4 Bxc3 14. bxc3 Ng7 15. Ng3 Be6 16. Bf4 Rfd8 17. Qf3 Rd7 18. e5 d5 19. Bh6 Ne8 20. cxd5 cxd5 21. Ne2 Rc8 22. Rf2 Nc6 23. d4 Nd8 24. Rc1 Qa6 25. Nf4 b5 26. Nd3 Nb7 27. Nf4 Nd8 28. Bg5 Nb7 29. Bf1 Rc6 30. Rb1 Nc7 31. h4 Qa5 32. Rb3 b4 33. Rxb4 Na6 34. Rb3 Rdc7 35. Nxe6 Rxe6 36. Rb5 Rxc3 37. Qxf7+ 1-0

[Event "Festival St-Denis"]
[Site "Montreal CAN"]
[Date "2017.07.28"]
[Round "7.11"]
[White "Joanis, Marc-Andre"]
[Black "Haji Ghanbari, Nader"]
[Result "0-1"]
[WhiteElo "1849"]
[BlackElo "1859"]
[WhiteFideId "-1"]
[WhiteFideId "-1"]
[PlyCount "86"]
[GameId "2160767908347845"]
[EventDate "2017.07.22"]
[EventType "swiss"]
[EventRounds "9"]
[EventCountry "CAN"]

1. c4 c6 2. Nf3 d5 3. d4 Nf6 4. Nc3 a6 5. c5 Nbd7 6. Bf4 Nh5 7. Bd2 Nhf6 8. Bf4 g6 9. h3 Bg7 10. e3 O-O 11. Be2 Re8 12. Ne5 Nxe5 13. Bxe5 Nd7 14. Bxg7 Kxg7 15. h4 e5 16. h5 Qg5 17. hxg6 hxg6 18. Qd2 exd4 19. Qxd4+ Qf6 20. O-O-O Qxd4 21. exd4 Nf6 22. Bf3 Bg4 23. Bxg4 Nxg4 24. Rdf1 Rh8 25. Nd1 Rxh1 26. Rxh1 Re8 27. f3 Nh6 28. Kd2 Nf5 29. Kd3 Ng3 30. Rh2 f5 31. b4 f4 32. a4 Re2 33. b5 Ra2 34. Nc3 Rb2 35. bxc6 bxc6 36. Nd1 Rb4 37. Nc3 a5 38. Rh3 Nf5 39. Ne2 Rxa4 40. Rh1 Ra3+ 41. Nc3 Ne3 42. Rb1 a4 43. Kd2 Rb3 0-1

[Event "Festival St-Denis"]
[Site "Montreal CAN"]
[Date "2017.07.28"]
[Round "7.12"]
[White "Gil, Bernardo"]
[Black "Guipi Bopala, Prince Eric jr"]
[Result "1/2-1/2"]
[WhiteElo "1762"]
[BlackElo "1941"]
[WhiteFideId "-1"]
[WhiteFideId "-1"]
[PlyCount "77"]
[GameId "2160767739316825"]
[EventDate "2017.07.22"]
[EventType "swiss"]
[EventRounds "9"]
[EventCountry "CAN"]

1. d4 f5 2. Nf3 Nf6 3. h3 e6 4. Bf4 d6 5. e3 g6 6. Bc4 Qe7 7. O-O Nbd7 8. Nc3 a6 9. Re1 d5 10. Bb3 c6 11. Ne5 Bg7 12. Na4 Nxe5 13. Bxe5 Nd7 14. Bxg7 Qxg7 15. c4 dxc4 16. Bc2 O-O 17. Qe2 b5 18. Nc3 Nb6 19. a3 Bd7 20. Rad1 a5 21. g4 b4 22. Na4 Nxa4 23. Bxa4 Qf7 24. e4 Qe7 25. Qxc4 bxa3 26. b3 Rfc8 27. Ra1 Qb4 28. Qc1 Be8 29. Rd1 Rd8 30. Qxa3 Rxd4 31. Qxb4 Rxd1+ 32. Rxd1 axb4 33. Rd6 Kf7 34. Bxc6 Bxc6 35. Rxc6 Ra1+ 36. Kh2 Ra3 37. Rc7+ Kf8 38. Rxh7 Rxb3 39. Rb7 {...} 1/2-1/2

[Event "Festival St-Denis"]
[Site "Montreal CAN"]
[Date "2017.07.28"]
[Round "7.13"]
[White "Vignalou, Joseph"]
[Black "Goldner, John"]
[Result "0-1"]
[WhiteElo "1848"]
[BlackElo "1766"]
[WhiteFideId "-1"]
[WhiteFideId "-1"]
[PlyCount "22"]
[GameId "2160767739316826"]
[EventDate "2017.07.22"]
[EventType "swiss"]
[EventRounds "9"]
[EventCountry "CAN"]

1. e4 e5 2. Nf3 Nc6 3. Bc4 Nf6 4. d3 Bc5 5. O-O a6 6. Nc3 b5 7. Bb3 Bb7 8. Bg5 h6 9. Bxf6 Qxf6 10. Nd5 Qd8 11. Nxe5 Nxe5 {Black played the illegal 12. d3xc5 and resigned without realizing that there was only a 2-minute penalty and he would be forced to move the P (i.e. 12. d4). / Les Noirs ont joué le coup illégal 12. d3xc5 et abandonné - sans savaoir la règlement de 2 minutes de punition et l'obligation de jouer le P (i.e. 12. d4).} 0-1

[Event "Festival St-Denis"]
[Site "Montreal CAN"]
[Date "2017.07.29"]
[Round "8.1"]
[White "Leveille, Francois"]
[Black "Bakre, Tejas"]
[Result "0-1"]
[WhiteElo "2310"]
[BlackElo "2449"]
[WhiteFideId "-1"]
[WhiteFideId "-1"]
[PlyCount "44"]
[GameId "2160767908347846"]
[EventDate "2017.07.22"]
[EventType "swiss"]
[EventRounds "9"]
[EventCountry "CAN"]

1. d4 Nf6 2. Nf3 d5 3. c4 e6 4. Nc3 Bb4 5. e3 c5 6. Bd3 Nc6 7. O-O O-O 8. a3 Bxc3 9. bxc3 Qc7 10. cxd5 exd5 11. Nh4 Ne7 12. g3 Bh3 13. Re1 Ng6 14. Bf5 Bxf5 15. Nxf5 Ne4 16. f3 Nxc3 17. Qb3 cxd4 18. exd4 Qc4 19. Qxb7 Qd3 20. Re3 Qd1+ 21. Kf2 Qc2+ 22. Kg1 Nd1 0-1

[Event "Festival St-Denis"]
[Site "Montreal CAN"]
[Date "2017.07.29"]
[Round "8.3"]
[White "Yagiz, Bora"]
[Black "Sambuev, Bator"]
[Result "0-1"]
[WhiteElo "1837"]
[BlackElo "2626"]
[WhiteFideId "-1"]
[WhiteFideId "-1"]
[PlyCount "62"]
[GameId "2160767908347848"]
[EventDate "2017.07.22"]
[EventType "swiss"]
[EventRounds "9"]
[EventCountry "CAN"]

1. e4 e6 2. d4 d5 3. e5 c5 4. c3 Nc6 5. Nf3 Qb6 6. a3 Nh6 7. b4 cxd4 8. cxd4 Nf5 9. Bb2 Be7 10. h4 a5 11. b5 a4 12. g4 Nh6 13. Rg1 Na5 14. Qxa4 Bd7 15. Nbd2 O-O 16. Bd3 Rfc8 17. Ng5 g6 18. Rg3 Nc4 19. Qb3 Nxb2 20. Qxb2 Ra4 21. Be2 Rxd4 22. a4 Bb4 23. a5 Qc5 24. Ngf3 Bc3 25. Qa3 Bxa1 26. Qxc5 Rxc5 27. Nb3 Bc3+ 28. Kf1 Rdc4 29. Bxc4 Rxc4 30. a6 bxa6 31. bxa6 Bb5 0-1

[Event "Festival St-Denis"]
[Site "Montreal CAN"]
[Date "2017.07.29"]
[Round "8.6"]
[White "Huang, Qiuyu"]
[Black "Robichaud, Louis"]
[Result "1-0"]
[WhiteElo "2265"]
[BlackElo "2152"]
[WhiteFideId "-1"]
[WhiteFideId "-1"]
[PlyCount "113"]
[GameId "2160767908347850"]
[EventDate "2017.07.22"]
[EventType "swiss"]
[EventRounds "9"]
[EventCountry "CAN"]

1. e4 e5 2. Nf3 Nc6 3. Bc4 Bc5 4. c3 Nf6 5. d3 O-O 6. b4 Bb6 7. a4 a6 8. Bg5 h6 9. Bh4 d6 10. h3 Be6 11. Nbd2 Qe7 12. Qe2 Rad8 13. a5 Ba7 14. Nf1 d5 15. exd5 Bxd5 16. Ne3 Bxe3 17. fxe3 e4 18. Nd4 exd3 19. Bxd3 Nxd4 20. exd4 Rde8 21. Qxe7 Rxe7+ 22. Kf2 Ne4+ 23. Kg1 g5 24. Be1 Nd6 25. h4 f5 26. hxg5 hxg5 27. Bd2 f4 28. Rh5 Rg7 29. Re1 Bf7 30. Rh6 Bc4 31. Bc2 g4 32. Rg6 Rff7 33. Re5 f3 34. Rxg7+ Kxg7 35. gxf3 gxf3 36. Kf2 c6 37. Rg5+ Kf8 38. Rg4 Bd5 39. Bh6+ Ke7 40. Bg6 Kf6 41. Bxf7 Kxf7 42. Rg7+ Kf6 43. Rd7 Ke6 44. Rg7 Ne4+ 45. Ke3 Nxc3 46. Kf4 Bc4 47. Rxb7 Bb5 48. Bf8 Kd5 49. Bc5 Kc4 50. Rh7 Nd5+ 51. Ke5 Nxb4 52. Bxb4 Kxb4 53. Kd6 Kxa5 54. Kc5 Ka4 55. Rh3 Ka5 56. Rxf3 Ba4 57. Kc4 1-0

[Event "Festival St-Denis"]
[Site "Montreal CAN"]
[Date "2017.07.29"]
[Round "8.8"]
[White "Marin, Sam"]
[Black "Gauthier, Denis"]
[Result "1-0"]
[WhiteElo "2024"]
[BlackElo "1944"]
[WhiteFideId "-1"]
[WhiteFideId "-1"]
[PlyCount "77"]
[GameId "2160767908347852"]
[EventDate "2017.07.22"]
[EventType "swiss"]
[EventRounds "9"]
[EventCountry "CAN"]

1. c4 e5 2. Nc3 Nc6 3. g3 f5 4. Bg2 Nf6 5. e3 d5 6. cxd5 Nb4 7. d3 Nbxd5 8. Nge2 c6 9. O-O Be6 10. d4 e4 11. f3 exf3 12. Bxf3 Be7 13. a3 O-O 14. Qd3 Qd7 15. Bd2 Rad8 16. Rad1 Kh8 17. Bc1 g6 18. Nxd5 Nxd5 19. e4 fxe4 20. Bxe4 Bh3 21. Rxf8+ Rxf8 22. Nf4 Nxf4 23. Bxf4 Bf6 24. b4 Rd8 25. Be5 Bxe5 26. dxe5 Qxd3 27. Rxd3 Rxd3 28. Bxd3 Kg7 29. Kf2 Kf7 30. Ke3 Be6 31. Be4 Bb3 32. Kd4 Ke6 33. g4 Bd1 34. g5 Bb3 35. h4 Bd1 36. Bd3 Bf3 37. Bc4+ Bd5 38. Bxd5+ cxd5 39. a4 1-0

[Event "Festival St-Denis"]
[Site "Montreal CAN"]
[Date "2017.07.29"]
[Round "8.9"]
[White "Haji Ghanbari, Nader"]
[Black "Goldner, John"]
[Result "1-0"]
[WhiteElo "1859"]
[BlackElo "1766"]
[WhiteFideId "-1"]
[WhiteFideId "-1"]
[PlyCount "67"]
[GameId "2160767908347853"]
[EventDate "2017.07.22"]
[EventType "swiss"]
[EventRounds "9"]
[EventCountry "CAN"]

1. d4 Nf6 2. c4 g6 3. Nc3 d5 4. Nf3 Bg7 5. Bg5 c6 6. e3 O-O 7. h3 Qa5 8. Qd2 Re8 9. a3 Be6 10. c5 Bf5 11. g4 Bd7 12. Bd3 Qd8 13. Bf4 b6 14. b4 a5 15. O-O b5 16. bxa5 Qxa5 17. Rfb1 Qd8 18. a4 bxa4 19. Rxa4 Rxa4 20. Nxa4 Na6 21. Bxa6 Ne4 22. Qd3 e5 23. Bxe5 Bxe5 24. Nxe5 Qh4 25. Qe2 Rxe5 26. dxe5 Qxh3 27. Rb8+ Kg7 28. Bc8 Ng5 29. Bxd7 Nf3+ 30. Qxf3 Qxf3 31. Rb4 Qd1+ 32. Kg2 Qd2 33. Rd4 h5 34. Rxd2 1-0

[Event "Festival St-Denis"]
[Site "Montreal CAN"]
[Date "2017.07.29"]
[Round "8.10"]
[White "Guipi Bopala, Prince Eric jr"]
[Black "Abbas, Talal"]
[Result "1/2-1/2"]
[WhiteElo "1941"]
[BlackElo "1923"]
[WhiteFideId "-1"]
[WhiteFideId "-1"]
[PlyCount "86"]
[GameId "2160767908347854"]
[EventDate "2017.07.22"]
[EventType "swiss"]
[EventRounds "9"]
[EventCountry "CAN"]

1. d4 g6 2. e4 Bg7 3. c3 d5 4. e5 c5 5. Nf3 Nc6 6. Be2 Bg4 7. Be3 cxd4 8. cxd4 Nh6 9. Nc3 Qd7 10. Qb3 Nf5 11. Rd1 e6 12. Na4 Bf8 13. O-O Bxf3 14. Bxf3 Na5 15. Qc2 Rc8 16. Nc3 Nxe3 17. fxe3 Nc4 18. Qe2 Bh6 19. Rd3 O-O 20. e4 dxe4 21. Nxe4 Bg7 22. Nc5 Qe7 23. Nxb7 Rc7 24. Rc3 Nb6 25. Rxc7 Qxc7 26. Qd2 Qc4 27. b3 Qb5 28. Nd6 Qa6 29. Bb7 Qa3 30. Qc2 Qb4 31. Qf2 f5 32. Rc1 Rd8 33. Rc7 Rxd6 34. Rxg7+ Kxg7 35. exd6 Qxd6 36. Qe3 Kf6 37. Qc3 Nd5 38. Qc5 Qf4 39. Bxd5 Qe3+ 40. Kf1 Qd3+ 41. Kf2 Qd2+ 42. Kf1 Qd1+ 43. Kf2 Qd2+ 1/2-1/2

[Event "Festival St-Denis"]
[Site "Montreal CAN"]
[Date "2017.07.29"]
[Round "8.11"]
[White "Saha, Ananda"]
[Black "Steinberg, Ellis"]
[Result "1/2-1/2"]
[WhiteElo "2144"]
[BlackElo "1815"]
[WhiteFideId "-1"]
[WhiteFideId "-1"]
[PlyCount "85"]
[GameId "2160767908347855"]
[EventDate "2017.07.22"]
[EventType "swiss"]
[EventRounds "9"]
[EventCountry "CAN"]

1. d4 Nf6 2. c4 g6 3. Nc3 Bg7 4. e4 d6 5. Be2 O-O 6. Bg5 h6 7. Be3 c5 8. d5 e6 9. h3 exd5 10. exd5 Bf5 11. Nf3 Ne4 12. Nxe4 Bxe4 13. Nd2 Bf5 14. g4 Bc8 15. Qc2 Qa5 16. a3 Bd7 17. Rb1 f5 18. gxf5 Bxf5 19. Bd3 Nd7 20. Bxf5 Rxf5 21. Rg1 Kh7 22. Ke2 Raf8 23. Ne4 Be5 24. Rg2 Qd8 25. Rbg1 Rg8 26. Qd2 Qf8 27. b4 b6 28. b5 Nf6 29. Nxf6+ Rxf6 30. Rg4 Rf3 31. Qc2 Qf5 32. Qxf5 Rxf5 33. Re4 Rgf8 34. Reg4 R8f6 35. a4 Bf4 36. Bxf4 Rxf4 37. Rxf4 Rxf4 38. Rg4 Rxg4 39. hxg4 Kg7 40. Kf3 Kf6 41. Kf4 g5+ 42. Ke4 Kg6 43. f3 1/2-1/2

[Event "Festival St-Denis"]
[Site "Montreal CAN"]
[Date "2017.07.29"]
[Round "8.12"]
[White "Johnson-Constantin, Mathieu"]
[Black "Gil, Bernardo"]
[Result "1-0"]
[WhiteElo "2048"]
[BlackElo "1762"]
[WhiteFideId "-1"]
[WhiteFideId "-1"]
[PlyCount "57"]
[GameId "2160767908347856"]
[EventDate "2017.07.22"]
[EventType "swiss"]
[EventRounds "9"]
[EventCountry "CAN"]

1. e4 e6 2. d4 d5 3. Nd2 Nf6 4. e5 Nfd7 5. Bd3 c5 6. c3 Qb6 7. Ne2 Nc6 8. Nf3 cxd4 9. cxd4 f6 10. exf6 Nxf6 11. O-O Be7 12. Re1 O-O 13. Nf4 Nd8 14. h3 Re8 15. g4 Bd6 16. g5 Nd7 17. Nxd5 Qc6 18. Nf4 Rf8 19. Be4 Qc7 20. Ng2 Rb8 21. Qd3 b6 22. Bxh7+ Kh8 23. Nfh4 Rf7 24. Bg6 Rf8 25. Qe2 Rf7 26. Qh5+ Kg8 27. Qh7+ Kf8 28. Qh8+ Ke7 29. Nf5+ 1-0

[Event "Festival St-Denis"]
[Site "Montreal CAN"]
[Date "2017.07.29"]
[Round "8.13"]
[White "Joanis, Marc-Andre"]
[Black "Vignalou, Joseph"]
[Result "1/2-1/2"]
[WhiteElo "1849"]
[BlackElo "1848"]
[WhiteFideId "-1"]
[WhiteFideId "-1"]
[PlyCount "98"]
[GameId "2160767908347857"]
[EventDate "2017.07.22"]
[EventType "swiss"]
[EventRounds "9"]
[EventCountry "CAN"]

1. c4 Nf6 2. Nc3 d5 3. cxd5 Nxd5 4. g3 c6 5. Bg2 g6 6. Qb3 Nb6 7. d3 Bg7 8. Nf3 O-O 9. O-O N8d7 10. Be3 Nf6 11. Rfc1 Be6 12. Qc2 Nbd5 13. Bd2 h6 14. a3 Kh7 15. e4 Nc7 16. Rd1 Rc8 17. Rac1 a6 18. Bf4 Bg4 19. h3 Bxf3 20. Bxf3 Ne6 21. Be3 Nd4 22. Bxd4 Qxd4 23. Qa4 Nd7 24. Bg4 e6 25. Qxd4 Bxd4 26. Rd2 Ne5 27. Ne2 Bb6 28. d4 Rfd8 29. Rcd1 Nxg4 30. hxg4 Kg7 31. Nc3 Kf6 32. Na4 Ba7 33. Nc5 Rc7 34. Rd3 Bxc5 35. dxc5 Rxd3 36. Rxd3 Ke7 37. e5 f6 38. f4 f5 39. gxf5 gxf5 40. Kg2 Rc8 41. b4 Ra8 42. Kh3 a5 43. Kh4 axb4 44. axb4 Ra1 45. Kh5 Rb1 46. Rd4 Rb3 47. Kh4 Rb1 48. Kh3 Rb3 49. Kg2 Rb2+ 1/2-1/2

[Event "Festival St-Denis"]
[Site "Montreal CAN"]
[Date "2017.07.30"]
[Round "9.2"]
[White "Sambuev, Bator"]
[Black "Yu, Zong Yang"]
[Result "1/2-1/2"]
[WhiteElo "2626"]
[BlackElo "2479"]
[WhiteFideId "-1"]
[WhiteFideId "-1"]
[PlyCount "82"]
[GameId "2160767908347859"]
[EventDate "2017.07.22"]
[EventType "swiss"]
[EventRounds "9"]
[EventCountry "CAN"]

1. d4 Nf6 2. Nf3 e6 3. e3 b6 4. Bd3 Bb7 5. O-O d5 6. c4 Bd6 7. Nc3 O-O 8. cxd5 exd5 9. Nb5 Be7 10. b3 Nbd7 11. Bb2 a6 12. Nc3 Bd6 13. Ne2 Ne4 14. Rc1 Re8 15. Rc2 Qf6 16. Ng3 Qe6 17. Qc1 Rac8 18. Ba3 c5 19. Bb2 Ndf6 20. Ne5 Bxe5 21. dxe5 Ng4 22. Nxe4 dxe4 23. Bc4 Qh6 24. h3 Nxe5 25. Bxe5 Rxe5 26. Rd1 b5 27. Be2 Qb6 28. Rcd2 Re7 29. Bg4 Rce8 30. Rd6 Qc7 31. Qc3 h6 32. a4 Bc8 33. R1d5 Bxg4 34. hxg4 Re6 35. Rd7 Qc6 36. axb5 Qxb5 37. Rc7 Qe2 38. Qc4 Qxg4 39. Rdd7 Rf8 40. Qxc5 Qe2 41. Qc4 Qe1+ 1/2-1/2

[Event "Festival St-Denis"]
[Site "Montreal CAN"]
[Date "2017.07.30"]
[Round "9.3"]
[White "Mikhalevski, Victor"]
[Black "Marin, Sam"]
[Result "1-0"]
[WhiteElo "2600"]
[BlackElo "2024"]
[WhiteFideId "-1"]
[WhiteFideId "-1"]
[PlyCount "76"]
[GameId "2160767908347860"]
[EventDate "2017.07.22"]
[EventType "swiss"]
[EventRounds "9"]
[EventCountry "CAN"]

1. d4 e6 2. c4 Nf6 3. g3 d5 4. Nf3 Bb4+ 5. Bd2 Be7 6. Bg2 O-O 7. O-O b6 8. cxd5 exd5 9. Nc3 Bb7 10. Rc1 a6 11. Bf4 Nbd7 12. Nh4 c6 13. Nf5 Re8 14. e4 Nxe4 15. Nxe4 dxe4 16. Bxe4 Nf6 17. Bxc6 Bxc6 18. Rxc6 Qd5 19. Nxe7+ Rxe7 20. Rxb6 Qxa2 21. Bg5 Nd5 22. Rb3 Re4 23. Rb7 f6 24. Qf3 Rae8 25. Rc1 R4e7 26. Rb3 Re4 27. Rb7 R4e7 28. Rxe7 Nxe7 29. Bf4 Qd5 30. Qe2 Kf8 31. Qxa6 Qxd4 32. Re1 Qxb2 33. Qe6 Qb7 34. Bd6 Qa7 35. Rc1 h6 36. Rc7 Qa1+ 37. Kg2 Qa8+ 38. Kh3 Qd8 1-0